| 000 | 01006cam a2200325 a 4500 | ||
|---|---|---|---|
| 001 | 58100 | ||
| 003 | CO-BoRNBP | ||
| 005 | 20250815204727.0 | ||
| 007 | ta | ||
| 008 | 890627s1994 ck a gr 00010 spa d | ||
| 020 | _a9580708541 | ||
| 040 |
_ala _bspa _cCO-BoBLA |
||
| 041 | 1 |
_aspa _heng |
|
| 043 | _an-cn--- | ||
| 082 | 0 | 4 |
_aI819.3 _bM85c3 _219 ed. |
| 100 | 1 |
_aMunsch, Robert N., _d1945- _962437 |
|
| 240 | 1 | 0 | _aAntioquia-Bibliografía regional |
| 245 | 1 | 0 |
_aCatalina : _bdónde estás? / _cRobert N. Munsch ; ilustraciones Michael Martchenko ; traducción Cipriano Camarero Gil. |
| 250 | _a1a. edición | ||
| 300 |
_a[26] p : _bil ; _c21 cm. |
||
| 336 |
_2rdacontent _atexto _btxt |
||
| 337 |
_2rdamedia _asin mediación _bn |
||
| 338 |
_2rdacarrier _avolumen _bnc |
||
| 490 | 1 | _aColección picardias | |
| 534 | _tSomething good. | ||
| 650 | 7 |
_aCuentos infantiles canadienses. _2BLAAUTO |
|
| 700 | 1 |
_aMartchenko, Michael, _d1942- _eil. _962438 |
|
| 942 |
_2ddc _cBK |
||
| 949 |
_an _bn |
||
| 999 |
_c58100 _d58100 |
||